000 00884cab a2200253 4500
001 WB3501-33
008 090401t1999 xxu||||| |||| 00| 0 eng d
035 _a(Sirsi) u90409
041 _aeng
245 _aRepossession risk
260 _c1999
350 _a0
490 _aEstate Agency News
_v141, December 1998/January 1999, 11(1)
520 _aA report by Shelter entitled "Risks" suggests that those in insecure employment or who work part-time are more likely to risk losing their homes than those in permanent employment. Shelter calls for more flexibility from mortgage lenders to help those in difficulties.
650 _aEMPLOYMENT PATTERNS
650 _aMORTGAGE PROTECTION
650 _aMORTGAGES
650 _aPART-TIME WORKERS
650 _aREPOSSESSION
650 _aSHELTER
690 _aHOUSING-HOUSING FINANCE
942 _n0
948 _c21/12/1998
999 _c57318
_d57318